LEADER 01150nam a22002651i 4500 001 991002067549707536 005 20040122121319.0 008 040407s2002 it |||||||||||||||||eng 035 $ab12865862-39ule_inst 035 $aARCHE-084548$9ExL 040 $aDip.to Scienze Storiche$bita$cA.t.i. Arché s.c.r.l. Pandora Sicilia s.r.l. 082 04$a627 100 1 $aBontems, Philippe$0485858 245 10$aInput use and capacity constraint under uncertainty :$bthe case of irrigation /$cPhilippe Bontems and Pascal Favard 260 $aMilano :$bFondazione ENI Enrico Mattei,$c2002 300 $a1 v. ;$c21 cm 440 0$aNote di lavoro della Fondazione ENI Enrico Mattei ;$v72.2002 650 4$aIrrigazione 700 1 $aFavard, Pascal$eauthor$4http://id.loc.gov/vocabulary/relators/aut$0485709 907 $a.b12865862$b02-04-14$c16-04-04 912 $a991002067549707536 945 $aLE009 GEOG.COLL.14I/72$g1$i2009000314764$lle009$o-$pE0.00$q-$rl$s- $t0$u0$v0$w0$x0$y.i13426588$z16-04-04 996 $aInput use and capacity constraint under uncertainty$91448570 997 $aUNISALENTO 998 $ale009$b16-04-04$cm$da $e-$feng$git $h0$i1 LEADER 02007oam 2200505 450 001 9910707819503321 005 20170104164651.0 035 $a(CKB)5470000002468367 035 $a(OCoLC)885009080 035 $a(EXLCZ)995470000002468367 100 $a20140731d1963 ua 0 101 0 $aeng 135 $aurn|||||||||| 181 $ctxt$2rdacontent 182 $cc$2rdamedia 183 $acr$2rdacarrier 200 10$aAnalytical methods used in geochemical exploration by the U.S. Geological Survey /$fby F.N. Ward, H.W. Lakin, and F.C. Canney 210 2$aWashington, D.C. :$cGovernment Printing Office. 210 1$aWashington, D.C. :$cUnited States Department of the Interior, Geological Survey,$d1963. 215 $a1 online resource (iv, 100 pages) $cillustrations, charts 225 1 $aGeological Survey bulletin ;$v1152 300 $aTitle from title screen (viewed July 21, 2014). 300 $aAdditional title page description: "a compilation of trace and semimicroanalytical methods of yielding semiquantitative data on geologic materials useful in geochemical prospecting for ore deposits." 320 $aIncludes bibliographical references (pages 94-98) and index. 606 $aGeochemical prospecting 606 $aGeology$xFieldwork 606 $aGeochemical prospecting$2fast 606 $aGeology$xFieldwork$2fast 615 0$aGeochemical prospecting. 615 0$aGeology$xFieldwork. 615 7$aGeochemical prospecting. 615 7$aGeology$xFieldwork. 700 $aWard$b Frederick Norville$f1915-$01402806 702 $aLakin$b Hubert W$g(Hubert William),$f1907-1986, 702 $aCanney$b Frank C$g(Frank Cogswell),$f1920- 712 02$aGeological Survey (U.S.), 801 0$bCOP 801 1$bCOP 801 2$bOCLCO 801 2$bOCLCF 801 2$bGPO 906 $aBOOK 912 $a9910707819503321 996 $aAnalytical methods used in geochemical exploration by the U.S. Geological Survey$93493531 997 $aUNINA LEADER 04530nam 2200721 a 450 001 9910778375203321 005 20230617042233.0 010 $a1-282-19533-6 010 $a9786612195334 010 $a3-11-916442-9 010 $a3-11-020158-5 024 7 $a10.1515/9783110201581 035 $a(CKB)1000000000479972 035 $a(EBL)325587 035 $a(OCoLC)476123605 035 $a(SSID)ssj0000141262 035 $a(PQKBManifestationID)11911812 035 $a(PQKBTitleCode)TC0000141262 035 $a(PQKBWorkID)10089904 035 $a(PQKB)11574995 035 $a(MiAaPQ)EBC325587 035 $a(DE-B1597)32909 035 $a(OCoLC)1013954893 035 $a(OCoLC)853256861 035 $a(DE-B1597)9783110201581 035 $a(Au-PeEL)EBL325587 035 $a(CaPaEBR)ebr10197248 035 $a(CaONFJC)MIL219533 035 $a(EXLCZ)991000000000479972 100 $a20060203d2005 uy 0 101 0 $ager 135 $aurun#---|u||u 181 $ctxt 182 $cc 183 $acr 200 14$aDie Dramen Jacob Lochers und die fru?he Humanistenbu?hne im su?ddeutschen Raum$b[electronic resource] /$fvon Cora Dietl 210 $aBerlin ;$aNew York $cW. de Gruyter$dc2005 215 $a1 online resource (600 p.) 225 1 $aQuellen und Forschungen zur Literatur- und Kulturgeschichte,$x0946-9419 ;$v37 (271) 300 $aOriginally presented as the author's Habilitationsschrift--Universita?t Tu?bingen, 2003. 311 0 $a3-11-018350-1 320 $aIncludes bibliographical references (p. [533]-577) and index. 327 $tFront matter --$tInhalt --$t1. Einleitung --$t2. Das Drama an der Hohen Schule --$t3. Das Werden einer Idee: Inspirationen und Einflüsse --$t4. Der angemessene Rahmen. Stadt und Universität Freiburg i. Br. --$t5. Eine neue Form der Geschichtsdarstellung: Historia de Rege Frantie (1495) --$t6. Das Meisterstück: Tragedia de Thurcis et Suldano (1497) --$t7. Jacob Locher und der Straßburger Terenz von 1499 --$t8. Ein Blick zur Seite: Dramatische Werke von Lochers Dichterkollegen --$t9. Ein neues Umfeld: Ingolstadt --$t10. Das Spiel für den Landesherrn: Spectaculum de regibus (1502) --$t11. Ein verbotenes Spektakel. Iudicium Paridis (1502) --$t12. Ein polemischer Gelehrtenstreit - um die Poesie und das Theater --$t13. Das Antidrama. Poemation de Lazaro mendico (1510) --$t14. Neu und doch nicht unerhört: Libellus dramaticus (1513) --$t15. Rückbesinnung auf Seneca: tres selectiores tragoediae (1520) --$t16. Schluss --$tBack matter 330 $aDurch die Aufführung der ersten neulateinischen Tragödie aus deutscher Hand schreibt 1495 Jacob Locher, Poetik-Lektor in Freiburg, Theater- und Mediengeschichte: Mit der Darstellung zeitgeschichtlicher Ereignisse auf der Bühne ist das Theater als Medium politischer Einflussnahme im Reich eingeführt. Locher ist heute als der Übersetzer von Brants "Narrenschiff" bekannt; seine dramatischen Werke sind weitgehend in Vergessenheit geraten. Hier werden sie in chronologischer Reihenfolge vorgestellt und in ein dichtes Geflecht literarischer und außerliterarischer Beziehungen eingebettet. Der Einfluss des italienischen Renaissancedramas findet ebenso Beachtung wie der lokaler Spieltraditionen; prominente Positionen kommen der Reichs- und Universitätspolitik zu. Seitenblicke auf die Bühnenwerke von Dichterkollegen verdeutlichen die Sonderrolle, welche Locher als Tragöde in einer Zeit enthusiastischer Terenzrezeption spielt: Sein Blick richtet sich nicht auf Probleme des Studiums, sondern auf den Hof in Wien. Es geht ihm um den gerechten Krieg und um die Rolle des Dichters im Staat. Im Anhang: eine Edition der sieben Dramen Lochers. 410 0$aQuellen und Forschungen zur Literatur- und Kulturgeschichte ;$v37 (271) 606 $aHumanists$zGermany$vBiography 606 $aClassicists$zGermany$vBiography 606 $aDramatists, German$yEarly modern, 1500-1700$xHistory and criticism 607 $aGermany$xIntellectual life$y16th century 615 0$aHumanists 615 0$aClassicists 615 0$aDramatists, German$xHistory and criticism. 676 $a199.43092 686 $aGG 6718$2rvk 700 $aDietl$b Cora$0738007 701 $aLocher$b Jacob$f1471-1528.$01005782 801 0$bMiAaPQ 801 1$bMiAaPQ 801 2$bMiAaPQ 906 $aBOOK 912 $a9910778375203321 996 $aDie Dramen Jacob Lochers und die fru?he Humanistenbu?hne im su?ddeutschen Raum$93856190 997 $aUNINA